000 00827nam a2200205Ia 4500
003 GCL
008 140319s9999 xx 000 0 ara d
020 _a6206679960
040 _aGCL /
_cGCL
082 0 4 _a751.77
_bأ م
100 1 _aمحمد خير البقاعى (تعليق)
245 1 0 _aالمنمنمات فى اسبانيا الاسلامية :
_bنظرات فى مخطوطة عربية مزخرفة فى مكتبة دير الاسكوريال مع 47 لوحة ،ثمان منها ملونة /
_cمحمد خير البقاعى (تعليق)
700 1 _aاريي، رحيل
250 _aالاولى
260 _aالرياض :
_bدار الفيصل الثقافية ،
_c2002
300 _a131 ص ؛
_c19 سم
650 0 4 _aالمنمنمات
650 0 4 _aاللوحات المصورة
942 _2ddc
_cBK
999 _c46145
_d46145